English in focus : Level A
Sparad:
| Huvudupphovsman: | |
|---|---|
| Materialtyp: | Bok |
| Språk: | Undetermined |
| Ämnen: | |
| Taggar: |
Lägg till en tagg
Inga taggar, Lägg till första taggen!
|
| Thư viện lưu trữ: | Trung tâm Học liệu Trường Đại học Cần Thơ |
|---|
| LEADER | 00584nam a2200169Ia 4500 | ||
|---|---|---|---|
| 001 | CTU_121381 | ||
| 008 | 210402s9999 xx 000 0 und d | ||
| 082 | |a 428.34 | ||
| 082 | |b S192/Vid.6 | ||
| 100 | |a Sampson, Nicholas | ||
| 245 | 0 | |a English in focus : | |
| 245 | 0 | |b Level A | |
| 245 | 0 | |c Nicholas Sampson, Nguyến Quốc Hùng | |
| 650 | |a English language,English language,Listening | ||
| 650 | |x Spoken english,Problems, exercises, etc,Textbooks for foreign speakers,Problems, exercises, etc | ||
| 904 | |i M.Loan | ||
| 980 | |a Trung tâm Học liệu Trường Đại học Cần Thơ | ||